International law and voter preferences: the case of foreign human rights violations

Saved in:  
Bibliographic Details
Authors: Putnam, Tonya L. (Author) ; Shapiro, Jacob N. (Author)
Format: Electronic Article
Language:English
Published: 2017
In: Human rights review
Year: 2017, Volume: 18, Issue: 3, Pages: 243-262
Online Access: Volltext (lizenzpflichtig)
Volltext (lizenzpflichtig)
Check availability: HBZ Gateway

MARC

LEADER 00000caa a2200000 c 4500
001 897760735
003 DE-627
005 20250825075308.0
007 cr uuu---uuuuu
008 170914s2017 xx |||||o 00| ||eng c
024 7 |a 10.1007/s12142-017-0452-8  |2 doi 
035 |a (DE-627)897760735 
035 |a (DE-576)9897760733 
035 |a (DE-599)GBV897760735 
040 |a DE-627  |b ger  |c DE-627  |e rda 
041 |a eng 
084 |a 2,1  |2 ssgn 
100 1 |a Putnam, Tonya L.  |e VerfasserIn  |0 (DE-588)1122746172  |0 (DE-627)876103719  |0 (DE-576)320908372  |4 aut 
109 |a Putnam, Tonya L.  |a Putnam, Tonya Lee  |a Putnam, T.  |a Putnam, Tonya  |a Putnam, T. L. 
245 1 0 |a International law and voter preferences  |b the case of foreign human rights violations  |c Tonya L. Putnam, Jacob N. Shapiro 
264 1 |c 2017 
336 |a Text  |b txt  |2 rdacontent 
337 |a Computermedien  |b c  |2 rdamedia 
338 |a Online-Ressource  |b cr  |2 rdacarrier 
500 |a Literaturverzeichnis: Seite 261-262 
700 1 |8 1\p  |a Shapiro, Jacob N.  |e VerfasserIn  |0 (DE-588)1151419206  |0 (DE-627)1011643790  |0 (DE-576)497690268  |4 aut 
773 0 8 |i Enthalten in  |t Human rights review  |d Dordrecht : Springer, 1999  |g 18(2017), 3, Seite 243-262  |h Online-Ressource  |w (DE-627)320607771  |w (DE-600)2020969-1  |w (DE-576)109633938  |x 1874-6306  |7 nnas 
773 1 8 |g volume:18  |g year:2017  |g number:3  |g pages:243-262 
856 4 0 |u https://doi.org/10.1007/s12142-017-0452-8  |x Resolving-System  |z lizenzpflichtig  |3 Volltext  |7 1 
856 4 0 |u https://link.springer.com/article/10.1007/s12142-017-0452-8  |x Verlag  |z lizenzpflichtig  |3 Volltext  |7 1 
883 |8 1\p  |a cgwrk  |d 20250301  |q DE-101  |u https://d-nb.info/provenance/plan#cgwrk 
951 |a AR 
ELC |a 1 
LOK |0 000 xxxxxcx a22 zn 4500 
LOK |0 001 4771191212 
LOK |0 003 DE-627 
LOK |0 004 897760735 
LOK |0 005 20250912124905 
LOK |0 008 250912||||||||||||||||ger||||||| 
LOK |0 040   |a DE-2619  |c DE-627  |d DE-2619 
LOK |0 092   |o n 
LOK |0 852   |a DE-2619 
LOK |0 852 1  |9 00 
LOK |0 939   |a 12-09-25  |b l01 
ORI |a SA-MARC-krimdoka001.raw